1359 1034 1296 1270 1319 1449 1100 1257 1720 1099 1643 1945 1510 1656 1668 1999 1538 1289 1149 1931 1085 1918 1765 1803 1284 1026 1369 1361 1141 1519 1622 1836 1551 1994 1684 1168 1303 1954 1262 1553 1659 1473 1550 1907 1852 1500 1945 1633 1460 1196 1551 1913 1452 1923 1624 1260 1053 1310 1567 1294 1644 1892 1129 1084 1151 1735 1646 1557 1515 1811 1955 1420 1804 1612 1949 1790 1701 1181 1206 1421 1546 1059 1803 1289 1095 1456 1170 1059 1607 1345 1578 1148 1816 1109 1595 1379 1686 1333 1054 BCNSPRNW ULIB Ver.6.0+V

เปลี่ยนเป็นภาษาไทย

Change to English
 แสดงรายละเอียดบรรณานุกรม
  กลับหน้าหลัก

Brief Record : Get Marc (ISO 2709) : E-mail record : QR code < ปิดหน้าต่าง
LEADER : 00000nam 2200000uu 4500
001    13399122829
003     ULIB
008    131009s2555||||th 000 0 tha d
020    ^a9786162590191
050 04 ^aBQ5578^bพ996ส
100 1  ^aพระไพศาล วิสาโล
245 10 ^aสวดก่อนตายดีกว่านอนตายฟังสวด /^cพระไพศาล วิสาโล
260    ^aกรุงเทพฯ :^bบ้านสยาม,^c2555
300    ^a60 หน้า
650  7 ^aสวดมนต์
650  7 ^aหนังสือสวดมนต์
945    ^p59^l0^i034057
949    ^aทศพร
999    ^aทศพร
รายการนี้ยังไม่มีแท็ก
คุณยังไม่ได้ล็อกอิน คุณสามารถมีกิจกรรมร่วมกับเว็บไซต์ได้ แต่ต้องล็อกอินก่อน ::
  ล็อกอิน

รายการสื่อสารสนเทศ

ลำดับที่ ประเภท เลขเรียก/บาร์โค้ด สถานที่ สถานะ
1. การศึกษาทั่วไป
หนังสือสำรอง
สถานะ=หนังสือสำรอง
BQ5578 พ996ส ฉ.1 
  Barcode: 034057
ห้องสมุดวิทยาเขตสวรรค์ประชารักษ์
►หนังสือทั่วไป
บนชั้น

รายการใกล้เคียง
    ผู้แต่ง [พระไพศาล วิสาโล]

    หัวเรื่อง [สวดมนต์]
    หัวเรื่อง [หนังสือสวดมนต์]

BibComment


ยังไม่เคยถูกคอมเมนท์

คอมเมนท์ทรัพยากรรายการนี้
  คอมเมนท์: สวดก่อนตายดีกว่า..


 Copyright 2026. Bcnsprnw @Library